Animaux : Où est-ce que j'habite ? - Cliquez sur le Continent - Statistiques

Statistiques générales
  • Ce quiz a été pris 122 fois
  • Le résultat moyen est 20 sur 30
Statistiques - réponses
Hint Réponse % Correct
Girafe Afrique
94%
Lion Afrique
92%
Mouette Europe
88%
Hérisson Europe
88%
Kangourou Océanie
88%
Rhinocéros Afrique
87%
Grizzly Amérique du Nord
83%
Manchot empereur Antarctique
83%
Cerf Europe
80%
Caribou Amérique du Nord
79%
Lama Amérique du Sud
77%
Kiwi Océanie
76%
Anaconda Amérique du Sud
71%
Piranha Amérique du Sud
71%
Tigre Asie
71%
Gnou Afrique
66%
Toucan Amérique du Sud
65%
Dingo Océanie
63%
Coyote Amérique du Nord
62%
Wombat Océanie
60%
Dragon de Komodo Asie
56%
Pygargue à tête blanche Amérique du Nord
53%
Mamba noir Afrique
51%
Ornithorynque Océanie
50%
Yack Asie
48%
Quokka Océanie
42%
Tapir Amérique du Sud
40%
Capybara Amérique du Sud
38%
Nasique Asie
33%
Macaque Asie
24%
Aucun quiz correspondant
Distribution des résultats
% des personnes avec chaque résultat
Percentile par nombre de réponses
Votre historique - résultats
Vous n’avez pas pris ce quiz